000 00945nam a22003137a 4500
003 CHAP
005 20220329143724.0
008 110413s1978 es r 00010 spa d
010 _a100937
011 _a101909
020 _a8474270235
035 _a112597
040 _cCHAP
082 0 0 _a370
_bM54
100 1 _aMerler, Alberto
_975003
245 1 0 _aIntroducción a la educación
_c/por Alberto Merler
260 _aMadrid :
_bVillalar,
_cc1978
300 _a144 p.
534 _pTít. original :
_tSociologia dell'educazione.
590 _aBATCH-UPD
_b10
_c20130110
_lUCH01
_h1802
590 _aBATCH-UPD
_b10
_c20130410
_lUCH01
_h1138
590 _aBATCH-UPD
_b10
_c20130914
_lUCH01
_h1239
590 _aCONVERSION
_b10
_c20130109
_lUCH01
_h1356
650 1 4 _aEducación.
_935409
650 1 4 _aSociología educativa.
_9108211
901 _aBK
942 _cLIBRO
949 _a370 M54
_bBC
_cLIBRO
_d33724002258660
_eLIBRO
_h114669
_i112597
_sb
999 _c100937
_d100937